Statistics for Official Languages of U.S. Territories

Click here to take the quiz!

General Stats

  • This quiz has been taken 21 times
  • The average score is 3 of 5

Answer Stats

Territories Language % Correct
American Samoa, Guam, Northern Mariana Islands, Puerto Rico, U.S. Virgin IslandsEnglish
100%
Puerto RicoSpanish
100%
American SamoaSamoan
72%
Northern Mariana IslandsCarolinian
11%
Guam, Northern Mariana IslandsChamorro
6%

Score Distribution

Percentile by Number Answered

Percent of People with Each Score

Your Score History

You have not taken this quiz